<?xml version="1.0" encoding="UTF-8"?>
<record
    xmlns:xsi="http://www.w3.org/2001/XMLSchema-instance"
    xsi:schemaLocation="http://www.loc.gov/MARC21/slim http://www.loc.gov/standards/marcxml/schema/MARC21slim.xsd"
    xmlns="http://www.loc.gov/MARC21/slim">

  <leader>00749nam a22001817a 4500</leader>
  <datafield tag="999" ind1=" " ind2=" ">
    <subfield code="c">522750</subfield>
    <subfield code="d">522750</subfield>
  </datafield>
  <controlfield tag="003">NUST</controlfield>
  <controlfield tag="005">20190110092229.0</controlfield>
  <controlfield tag="008">190110b           ||||| |||| 00| 0 eng d</controlfield>
  <datafield tag="020" ind1=" " ind2=" ">
    <subfield code="a">9780946186585</subfield>
  </datafield>
  <datafield tag="038" ind1=" " ind2=" ">
    <subfield code="a">Muhammad Ibrahim</subfield>
  </datafield>
  <datafield tag="082" ind1=" " ind2=" ">
    <subfield code="a">967.73 </subfield>
    <subfield code="b">HAR 2016</subfield>
  </datafield>
  <datafield tag="100" ind1=" " ind2=" ">
    <subfield code="a">Harned,Glenn M</subfield>
    <subfield code="9">13027</subfield>
  </datafield>
  <datafield tag="245" ind1="1" ind2="0">
    <subfield code="a">Stability Operations in Somalia 1992-1993</subfield>
    <subfield code="b">A Case Study</subfield>
    <subfield code="c">Glenn M. Harned</subfield>
  </datafield>
  <datafield tag="260" ind1=" " ind2=" ">
    <subfield code="b">PKSOI </subfield>
    <subfield code="c">2016</subfield>
  </datafield>
  <datafield tag="300" ind1=" " ind2=" ">
    <subfield code="a">205p;</subfield>
  </datafield>
  <datafield tag="651" ind1=" " ind2=" ">
    <subfield code="a">Somalia , CASE STUDIES , military operations , stability , international relations , united nations , military forces foreign , MILITARY FORCES UNITED STATES , government foreign , infrastructure , humanitarian assistance , rules of engagement , INTERAGENCY COORDINATION</subfield>
    <subfield code="9">13028</subfield>
  </datafield>
  <datafield tag="942" ind1=" " ind2=" ">
    <subfield code="2">ddc</subfield>
    <subfield code="c">BK</subfield>
  </datafield>
  <datafield tag="952" ind1=" " ind2=" ">
    <subfield code="0">0</subfield>
    <subfield code="1">0</subfield>
    <subfield code="2">ddc</subfield>
    <subfield code="4">0</subfield>
    <subfield code="7">0</subfield>
    <subfield code="8">NFIC</subfield>
    <subfield code="a">CIPS</subfield>
    <subfield code="b">CIPS</subfield>
    <subfield code="c">GEN</subfield>
    <subfield code="d">2017-08-25</subfield>
    <subfield code="l">0</subfield>
    <subfield code="o">967.73  HAR 2016</subfield>
    <subfield code="p">CIPS0002884</subfield>
    <subfield code="r">2019-01-10</subfield>
    <subfield code="w">2019-01-10</subfield>
    <subfield code="y">BK</subfield>
  </datafield>
</record>
